El coche del diablo / (Record no. 160736)

MARC details
000 -LEADER
campo de control de longitud fija 00764nam a22001695i 4500
001 - NÚMERO DE CONTROL
campo de control 160736
003 - IDENTIFICADOR DE NÚMERO DE CONTROL
campo de control ES-MaACL
005 - FECHA Y HORA DE LA ÚLTIMA TRANSACCIÓN
campo de control 20250701063152.0
008 - DATOS DE LONGITUD FIJA--INFORMACIÓN GENERAL
campo de control de longitud fija 041014s1864 sp |||| | spa d
040 ## - FUENTE DE CATALOGACIÓN
Centro catalogador/agencia de origen CAM
Lengua de catalogación spa
Centro/agencia transcriptor CAM
100 1# - ENTRADA PRINCIPAL--NOMBRE DE PERSONA
Nombre de persona Nombela, Julio,
Fechas asociadas al nombre 1836-1919
9 (RLIN) 85930
245 13 - MENCIÓN DEL TÍTULO
Título El coche del diablo /
Mención de responsabilidad, etc. por Julio Nombela.
260 ## - PUBLICACIÓN, DISTRIBUCIÓN, ETC.
Lugar de publicación, distribución, etc. Madrid :
Nombre del editor, distribuidor, etc. Librería de Ambos Mundos, de Medina hermanos ;
Lugar de publicación, distribución, etc. Buenos Aires :
Nombre del editor, distribuidor, etc. Librería de la Union, de Medina hermanos,
Fecha de publicación, distribución, etc. 1864 (
Fabricante Imprenta de F. Martínez García)
300 ## - DESCRIPCIÓN FÍSICA
Extensión 2 v. (292; 270 p.) ;
Dimensiones 18 cm.
852 ## - LOCALIZACIÓN
Ubicación ES-MaACL
Número de control de estantería G-10737
Nota libre -- Enc. hol.
-- -- Ex-libri ms. de Gustavo Saenz Diez, 1875
-- -- Dedicatoria ms. del autor a Mª del Pilar Sinues de Marco
-- -- 2 t. en 1 v.
Holdings
Estatus retirado Estado de pérdida Estado de daño No para préstamo Colección Biblioteca de origen Biblioteca actual Ubicación en estantería Fecha de adquisición Fuente de adquisición Total de préstamos Signatura topográfica completa Código de barras Visto por última vez Precio de reemplazo Tipo de ítem Koha
        Libros del s. XIX Biblioteca del Ateneo de Madrid Biblioteca del Ateneo de Madrid Sala Pecera Planta 3 17/01/2008     G-10737 1168318 23/02/2023 23/02/2023 Libro impreso antiguo